Sklepy odzieżowe - Statystyki

Ogólne statystyki
  • Ten quiz został rozwiązany 2 221 razy
  • Średni wynik to 7 z 15
Statystyki odpowiedzi
Hint Odpowiedź % Poprawnych
H H&M
84%
Z Zara
78%
B Bershka
77%
S Sinsay
74%
R Reserved
69%
C Cropp
56%
H House
54%
P Pull&Bear
53%
S Stradivarius
41%
N Nike
36%
N New Yorker
35%
S Shein
21%
D Diverse
19%
L Levis
16%
T TK Maxx
9%
Nie znaleziono quizów pasujących do podanych kryteriów
Rozkład punktacji
Procent ludzi z każdym wynikiem
Percentyl według liczby udzielonych odpowiedzi
Twoja historia wyników
Nie rozwiązałeś tego quizu